From darkness to the dawn : (Record no. 1118)

MARC details
000 -LEADER
fixed length control field 01000nam a2200301 a 4500
001 - CONTROL NUMBER
control field 4279906
003 - CONTROL NUMBER IDENTIFIER
control field GBCCL
005 - DATE AND TIME OF LATEST TRANSACTION
control field 20241126110354.0
008 - FIXED-LENGTH DATA ELEMENTS--GENERAL INFORMATION
fixed length control field 870824t19851984ctu b 001 0 eng
010 ## -
-- 85051083
020 ## - INTERNATIONAL STANDARD BOOK NUMBER
International Standard Book Number 0896222721 (pbk.)
040 ## - CATALOGING SOURCE
Original cataloging agency DLC
Transcribing agency DLC
Modifying agency DLC
041 1# -
-- engdut
050 00 -
-- BT902
-- .W35 1985
082 00 - DEWEY DECIMAL CLASSIFICATION NUMBER
Classification number 236
Edition information 19
Item number WAL
100 1# - MAIN ENTRY--PERSONAL NAME
Personal name Walle, A. R. van de.
9 (RLIN) 2006
240 10 -
-- Tot het aanbreken van de dageraad.
-- English
245 10 - TITLE STATEMENT
Title From darkness to the dawn :
Remainder of title how belief in the afterlife affects living /
Statement of responsibility, etc. A.R. van de Walle.
260 ## - PUBLICATION, DISTRIBUTION, ETC.
Place of publication, distribution, etc. Mystic, Conn. :
Name of publisher, distributor, etc. Twenty-Third Publications,
Date of publication, distribution, etc. 1985, c1984.
300 ## - PHYSICAL DESCRIPTION
Extent 261 p. ;
Dimensions 22 cm.
500 ## - GENERAL NOTE
General note Translation of: Tot het aanbreken van de dageraad.
500 ## - GENERAL NOTE
General note Includes indexes.
504 ## - BIBLIOGRAPHY, ETC. NOTE
Bibliography, etc. note Bibliography: p. 227-247.
610 20 - SUBJECT ADDED ENTRY--CORPORATE NAME
Corporate name or jurisdiction name as entry element Catholic Church
General subdivision Doctrines.
9 (RLIN) 2007
650 #0 - SUBJECT ADDED ENTRY--TOPICAL TERM
Topical term or geographic name entry element Future life
General subdivision Catholic Church.
9 (RLIN) 2008
906 ## - LOCAL DATA ELEMENT F, LDF (RLIN)
a 7
b cbc
c orignew
d 3
e ocip
f 19
g y-gencatlg
942 ## - ADDED ENTRY ELEMENTS (KOHA)
Source of classification or shelving scheme Dewey Decimal Classification
Koha item type Books
Koha issues (borrowed), all copies 3
Holdings
Withdrawn status Lost status Source of classification or shelving scheme Damaged status Not for loan Home library Current Library Shelving location Date acquired Total checkouts Full call number Barcode Date last seen Date last checked out Copy number Price effective from Koha item type
    Dewey Decimal Classification     GRACE BIBLE COLLEGE GRACE BIBLE COLLEGE Theology 2017-04-17 3 236 WAL 002438 2025-05-01 2024-01-22 c.1 2017-04-17 Books
© Grace Bible College Library 2025